01865 a2200193 45000010006000000050017000060080041000230030015000640400040000790800020001192450056001392640031001953000019002265051278002450410008015231000024015317000017015558560099015724600420260407155733.0260407a1981 arg spa dAR-UNSa-BCEJYS aAR-UNSa-BCEJYSbspacAR-UNSa-BCEJYS a330.14xCapital10aEl capital 4pcrítica de la economía política 1aMéxico :bGrijalboc1981 a146 p.c23 cm. aVOL. IV. Libro Primero: EL PROCESO DE LA PRODUCCIÓN DEL CAPITAL: Sección Tercera: LA PRODUCCIÓN DE LA PLUSVALIA ABSOLUTA: Capítulo quinto: Proceso de trabajo y proceso de valorización: 1. Proceso de trabajo – 2. Proceso de valorización - - Capitulo sexto: Capital constante y capital variable - - Capítulo séptimo: La cuota de la plusvalía: 1. El grado de explotación de la fuerza de trabajo – 2. Exposición del valor del producto en partes proporcionales del producto – 3. La “ultima hora” de Senior – 4. El plusproducto - - Capítulo octavo: La jornada de trabajo: 1. Los límites de la jornada de trabajo – 2. El hombre voraz del plustrabajo. Fabricante y boyardo – 3. Ramas industriales inglesas sin limitación legal de la explotación – 4. Trabajo diurno y nocturno. El sistema de turnos – 5. La lucha por la jornada de trabajo desde la mitad del siglo XIV hasta el final del siglo XVIII – 6. La lucha por la jornada de trabajo normal. Limitación del tiempo de trabajo por la fuerza de la ley. La legislación fabril inglesa de 1833-1864 – 7. La lucha por la jornada de trabajo normal. Repercusión de la legislación fabril inglesa en otros países - - Capitulo noveno: Cuota y masa de la plusvalía.  aspa1 aSacristán, Manuel1 aMarx, Carlos41uhttps://www.biblioeco.unsa.edu.ar/pmb/images/libros/L127241.jpgyImagen de portadaqimage/jpeg